000 00782nam a2200253Ia 4500
003 OSt
005 20220927110655.0
006 a|||||r|||| 00| 0
007 ta
008 220926b |||||||| |||| 00| 0 eng d
024 _a85241
037 _cReports
040 _aRTL
_cRTL
_beng
041 _2eng
_aeng
082 _a"X9(D24).237.N71t, GD"
110 _a"Haryana, Economci And Statistical (Organisation)"
_9379727
245 0 _aReport on the working of government tubewells in Haryana
300 _a68p.
_ccm.
490 _aIts Evaluation Study Publication .75
650 _aEngneering
700 _a"Haryana, Economci And Statistical (Organisation)"
_9379728
942 _h"X9(D24).237.N71t, GD"
_cCC
999 _c697604
_d697604